[Event "Sonipat Prakash Singh Memorial 1st"]
[Site "Sonipat"]
[Date "2017.04.17"]
[Round "1"]
[White "Swapnil, S Dhopade"]
[Black "Senger, Dharmender Singh"]
[Result "1-0"]
[WhiteElo "2545"]
[BlackElo "1366"]
[PlyCount "83"]
[EventDate "2017.04.17"]
[EventType "swiss"]
[EventRounds "10"]
[EventCountry "IND"]
[SourceTitle "CBM 177 Extra"]
[Source "ChessBase"]
[SourceDate "2017.04.27"]
[SourceVersion "1"]
[SourceVersionDate "2017.04.27"]
[SourceQuality "1"]

1. d4 d5 2. c4 e6 3. Nc3 Nf6 4. cxd5 exd5 5. Bg5 Nbd7 6. e3 c6 7. Bd3 Bd6 8. Qc2 0-0 9. Bxh7+ Kh8 10. Bd3 Qa5 11. Nf3 Re8 12. 0-0 g6 13. a3 Kg7 14. Rfc1 Rh8 15. h3 Nf8 16. b4 Qd8 17. e4 dxe4 18. Nxe4 Be7 19. Bf4 Be6 20. Be5 N8d7 21. Nxf6 Nxe5 22. dxe5 Bxf6 23. exf6+ Qxf6 24. Qc3 Bd5 25. Nh2 Rad8 26. Ng4 Qxc3 27. Rxc3 Rd6 28. Ne3 Be6 29. Bc4 Bc8 30. Rd1 Rxd1+ 31. Nxd1 Re8 32. Ne3 f5 33. f4 Re4 34. g3 b5 35. Bf1 Bb7 36. Kf2 Kf6 37. Bg2 Re6 38. Nc2 Rd6 39. Ke3 Re6+ 40. Kd2 Rd6+ 41. Rd3 Re6 42. Nd4 1-0